| Tag |
First Indicator |
Second Indicator |
Subfields |
| LEADER |
00000cam a22000008a 4500 |
| 001 |
in00000069824 |
| 005 |
20151008055853.0 |
| 008 |
810724s1982 mdu b 00100 eng |
| 010 |
|
|
|a 81012419
|
| 020 |
|
|
|a 0801826551
|
| 020 |
|
|
|a 080182656X (pbk.)
|
| 035 |
|
|
|a (OCoLC)07672020
|
| 035 |
|
|
|9 AAJ4601AM
|
| 039 |
0 |
|
|a 2
|b 3
|c 3
|d 3
|e 3
|
| 040 |
|
|
|a DLC
|c DLC
|d TXA
|d UtOrBLW
|
| 049 |
|
|
|a TXAM
|c [1196310]
|
| 050 |
0 |
0 |
|a H62
|b .E76
|
| 082 |
0 |
|
|a 174/.9301
|2 19
|
| 245 |
0 |
0 |
|a Ethical issues in social science research /
|c edited by Tom L. Beauchamp [and others].
|
| 263 |
|
|
|a 8205
|
| 264 |
|
1 |
|a Baltimore :
|b Johns Hopkins University Press,
|c [1982]
|
| 264 |
|
4 |
|c ©1982
|
| 300 |
|
|
|a xii, 436 pages ;
|c 24 cm.
|
| 336 |
|
|
|a text
|b txt
|2 rdacontent
|
| 337 |
|
|
|a unmediated
|b n
|2 rdamedia
|
| 338 |
|
|
|a volume
|b nc
|2 rdacarrier
|
| 500 |
|
|
|a Includes index.
|
| 504 |
|
|
|a Bibliography: pages 417-422.
|
| 650 |
|
0 |
|a Social sciences
|x Research
|x Moral and ethical aspects.
|
| 700 |
1 |
|
|a Beauchamp, Tom L.
|
| 999 |
|
|
|a MARS
|
| 999 |
f |
f |
|s 55376f57-bc9f-3a93-925e-96d586cb9ec2
|i 399f68c4-c911-3893-b2a1-001e22e9804e
|t 0
|
| 952 |
f |
f |
|p ric
|a Texas A&M University
|b Rellis Campus
|c Joint Library Facility
|d Remote Storage
|t 0
|e H62 .E76
|h Library of Congress classification
|i unmediated -- volume
|m A14806118329
|
| 998 |
f |
f |
|a H62 .E76
|t 0
|l Remote Storage
|